| 000 -LEADER |
| fixed length control field |
00607nam a2200229Ia 4500 |
| 001 - CONTROL NUMBER |
| control field |
12430 |
| 003 - CONTROL NUMBER IDENTIFIER |
| control field |
GE_BSU |
| 005 - DATE AND TIME OF LATEST TRANSACTION |
| control field |
20221117135653.0 |
| 008 - FIXED-LENGTH DATA ELEMENTS--GENERAL INFORMATION |
| fixed length control field |
181216s2001en xx |||||||||||||| ||eng|| |
| 020 ## - INTERNATIONAL STANDARD BOOK NUMBER |
| International Standard Book Number |
9780747266389 x |
| 040 ## - CATALOGING SOURCE |
| Transcribing agency |
GE_BSU |
| 041 ## - LANGUAGE CODE |
| Language code of text/sound track or separate title |
eng |
| 080 ## - UNIVERSAL DECIMAL CLASSIFICATION NUMBER |
| Universal Decimal Classification number |
821.111-32 C-65 |
| 100 ## - MAIN ENTRY--PERSONAL NAME |
| Personal name |
Cox,Josephine. |
| 9 (RLIN) |
15890 |
| 245 ## - TITLE STATEMENT |
| Title |
Let it shine / |
| Statement of responsibility, etc. |
Josephine Cox |
| 264 ## - PRODUCTION, PUBLICATION, DISTRIBUTION, MANUFACTURE, AND COPYRIGHT NOTICE |
| Place of production, publication, distribution, manufacture |
London : |
| Name of producer, publisher, distributor, manufacturer |
Headline, |
| Date of production, publication, distribution, manufacture, or copyright notice |
2001. |
| 300 ## - PHYSICAL DESCRIPTION |
| Extent |
436 p.: |
| Other physical details |
18 cm. |
| 653 ## - INDEX TERM--UNCONTROLLED |
| keyword |
Let it shine. |
| 653 ## - INDEX TERM--UNCONTROLLED |
| keyword |
დაე, ბრწყინავდეს. |
| 653 ## - INDEX TERM--UNCONTROLLED |
| keyword |
ლიტერატურა |
| 942 ## - ADDED ENTRY ELEMENTS (KOHA) |
| Koha item type |
წიგნი |
| Source of classification or shelving scheme |
|